Recueil des cours. (Record no. 48935)
[ view plain ]
| 000 -LEADER | |
|---|---|
| fixed length control field | 01898naa a2200445 i 4500 |
| 003 - CONTROL NUMBER IDENTIFIER | |
| control field | EG-GICUC |
| 005 - DATE AND TIME OF LATEST TRANSACTION | |
| control field | 20260121101439.0 |
| 008 - FIXED-LENGTH DATA ELEMENTS--GENERAL INFORMATION | |
| fixed length control field | 251207s1927 fr o|||fr|||| 001 0 fre d |
| 040 ## - CATALOGING SOURCE | |
| Original cataloging agency | EG-GiCUC |
| Language of cataloging | fre |
| Transcribing agency | EG-GiCUC |
| Modifying agency | EG-GiCUC |
| Description conventions | Rda |
| 041 ## - LANGUAGE CODE | |
| Language code of text/sound track or separate title | fre |
| 082 04 - DEWEY DECIMAL CLASSIFICATION NUMBER | |
| Edition number | 21 |
| Classification number | 341.1 |
| Item number | RE |
| 092 04 - LOCALLY ASSIGNED DEWEY CALL NUMBER (OCLC) | |
| Edition number | 21 |
| 099 ## - LOCAL FREE-TEXT CALL NUMBER (OCLC) | |
| Classification number | Law1 11 341.1 RE 1927 |
| 245 00 - TITLE STATEMENT | |
| Title | Recueil des cours. |
| Number of part/section of a work | 1926, Tome 12. |
| 264 #1 - PRODUCTION, PUBLICATION, DISTRIBUTION, MANUFACTURE, AND COPYRIGHT NOTICE | |
| Place of production, publication, distribution, manufacture | Paris : |
| Name of producer, publisher, distributor, manufacturer | Hachette, |
| Date of production, publication, distribution, manufacture, or copyright notice | 1927. |
| 300 ## - PHYSICAL DESCRIPTION | |
| Extent | 596 page : |
| Other physical details | Photographs ; |
| Dimensions | 24 cm. |
| 336 ## - CONTENT TYPE | |
| Source | rda contenu |
| Content type term | texte |
| 337 ## - MEDIA TYPE | |
| Source | rda medias |
| Media type term | Ordinateur |
| 338 ## - CARRIER TYPE | |
| Source | transporteur rda |
| Carrier type term | Ressource en ligne |
| 490 1# - SERIES STATEMENT | |
| Series statement | Académie de droit international ; |
| Volume/sequential designation | 1926, t.12. |
| 500 ## - GENERAL NOTE | |
| General note | "1926 II." |
| 500 ## - GENERAL NOTE | |
| General note | At head of title: Académie de droit international. |
| 504 ## - BIBLIOGRAPHY, ETC. NOTE | |
| Bibliography, etc. note | Includes bibliographical references and index. |
| 505 ## - FORMATTED CONTENTS NOTE | |
| Formatted contents note | Contient les cours de l'Académie y compris : |
| Title | a jurisprudence de la cour permanente de justice internationale / |
| Statement of responsibility | par Gabriele Salvioli -- |
| Title | Les immunités diplomatiques / |
| Statement of responsibility | par Cecil Hurst -- |
| Title | La compétence des tribunaux a raison d'infractions commises hors du territoire / |
| Statement of responsibility | par Sigismond Cybichowski -- |
| Title | De la protection internationale des droits sur les oeuvres littéraires et artistiques / |
| Statement of responsibility | par Francesco Ruffini. |
| 546 ## - LANGUAGE NOTE | |
| Language note | Texte en français |
| 650 1# - SUBJECT ADDED ENTRY--TOPICAL TERM | |
| Topical term or geographic name entry element | Droit international |
| 650 14 - SUBJECT ADDED ENTRY--TOPICAL TERM | |
| Topical term or geographic name entry element | Diplomatie |
| 650 14 - SUBJECT ADDED ENTRY--TOPICAL TERM | |
| Topical term or geographic name entry element | Droit pénal international |
| 650 14 - SUBJECT ADDED ENTRY--TOPICAL TERM | |
| Topical term or geographic name entry element | Tribunaux internationaux |
| 651 1# - SUBJECT ADDED ENTRY--GEOGRAPHIC NAME | |
| Source of heading or term | qrmak |
| 700 1# - ADDED ENTRY--PERSONAL NAME | |
| Personal name | Salvioli, Gabriele, |
| Relator term | Auteur |
| 700 1# - ADDED ENTRY--PERSONAL NAME | |
| Personal name | Hurst, C. J. B., |
| Dates associated with a name | 1870-1963. |
| Relator term | Auteur |
| 700 1# - ADDED ENTRY--PERSONAL NAME | |
| Personal name | Cybichowski, Zygmunt, |
| Dates associated with a name | 1879-1944, |
| Relator term | Auteur |
| 700 1# - ADDED ENTRY--PERSONAL NAME | |
| Personal name | Ruffini, Francesco, |
| Dates associated with a name | 1863-1934. |
| Relator term | Auteur |
| 710 ## - ADDED ENTRY--CORPORATE NAME | |
| Corporate name or jurisdiction name as entry element | ACADÉMIE DE DROIT INTERNATIONAL. |
| 830 #0 - SERIES ADDED ENTRY--UNIFORM TITLE | |
| Uniform title | recueil des cours ; |
| Volume/sequential designation | 1926, Tome 12. |
| 856 40 - ELECTRONIC LOCATION AND ACCESS | |
| Uniform Resource Identifier | <a href="https://fll.law.cu.edu.eg/fulltext/bks/B11-05167.pdf">https://fll.law.cu.edu.eg/fulltext/bks/B11-05167.pdf</a> |
| 905 ## - Cataloger and Reviser Names | |
| Cataloger Name: | Rawan khaled |
| Revisor Name: | Hassnaa |
| 942 ## - ADDED ENTRY ELEMENTS (KOHA) | |
| Source of classification or shelving scheme | Dewey Decimal Classification |
| Suppress in OPAC | No |
| Koha item type | Books |
| Edition | 21 |
| Withdrawn status | Lost status | Source of classification or shelving scheme | Damaged status | Not for loan | Collection | Home library | Current library | Date acquired | Total checkouts | Full call number | Barcode | Date last seen | Copy number | Price effective from | Koha item type |
|---|---|---|---|---|---|---|---|---|---|---|---|---|---|---|---|
| Dewey Decimal Classification | Not for loan | القانون الدولي العام | جــــامعة القــاهرة | مكتبة كلية الحقوق - المبنى الرئيسي | 07.12.2025 | Law1 11 341.1 RE 1927 1105167 V12, C1 | B11-05167 | 07.12.2025 | 1 | 07.12.2025 | Books | ||||
| Dewey Decimal Classification | القانون الدولي العام | جــــامعة القــاهرة | مكتبة كلية الحقوق - المبنى الرئيسي | 07.12.2025 | Law1 11 341.1 RE 1927 1105192 V12, C2 | B11-05192 | 07.12.2025 | 2 | 07.12.2025 | Books |